000 00624nam a22002297a 4500
003 UA-OsUOA
001 94450
007 ta
008 20130211b un ||||| |||| 00| 0 ukr d
100 _aГрафов Э.
090 _a821.161.1
_bГ78
942 _cBK
040 _aUA-OsUOA
_brus
_cUA-OsUOA
_dUA-OsUOA
245 _aВыше уровень конца света !
_bфельетоны
300 _a304 с.
955 _a3
041 _arus
080 _a821.161.1
260 _aМ.
_bПолитиздат
_c1991
650 7 _a82 Література. Літературознавство
_2UDC
999 _c380703
_d380703